000 00317nam a22001457a 4500
008 230901b ||||| |||| 00| 0 eng d
020 _a6210454
041 _aeng
080 _a101
082 _a101RAN
100 _a44
101 _aFILOZ
245 _aTHE CAREER OF PHILOSOPHY
_cRANDALL.JR.H.J
942 _2udc
_cBK
999 _c60242
_d60242